Genius loci vo vzťahu k strachu zo zločinnosti na príklade postsocialistického sídliska
Skúmanie z geografického aspektu problematiky kriminality a strachu z nej v najväčšom sídlisku strednej Európy v Petržalke.
Salvato in:
| Autore principale: | |
|---|---|
| Natura: | Capitolo di libro |
| Lingua: | slovacco |
| Soggetti: | |
| Tags: |
Nessun Tag, puoi essere il primo ad aggiungerne!!
|
MARC
| LEADER | 00000naa a2200000 4500 | ||
|---|---|---|---|
| 001 | 0170001 | ||
| 005 | 20231208101349.4 | ||
| 041 | 0 | |a slo | |
| 044 | |a SK | ||
| 245 | 1 | 0 | |a Genius loci vo vzťahu k strachu zo zločinnosti na príklade postsocialistického sídliska |c Linda Stasíková |
| 520 | |a Skúmanie z geografického aspektu problematiky kriminality a strachu z nej v najväčšom sídlisku strednej Európy v Petržalke. | ||
| 610 | 2 | 0 | |a kriminalita |
| 610 | 2 | 0 | |a emócie |
| 610 | 2 | 0 | |a mestá |
| 610 | 2 | 0 | |a sídliská |
| 100 | 1 | |a Stasíková, Linda | |